Rhymes with 'Time' Quiz Stats

 Plays Quiz Updated Dec 16, 2018

Support Sporcle.
Go Orange.
Score 0/16 Timer 02:30
5 Plays Today
% Correct
lime
95.3%
dime
93.8%
mime
89.1%
rhyme
86.9%
crime
82.8%
climb
70.8%
chime
70.6%
grime
69.8%
% Correct
slime
67.3%
prime
61.1%
thyme
60.2%
rime
58%
clime
49.9%
trime
19.4%
chyme
18.1%
disme
2%

From the Vault

Bad Bear Jokes

by BRossano23

You're gonna need to grin and bear these jokes.
Remove Ads.
Support Sporcle.
Get the best of Sporcle when you Go Orange. This ad-free experience offers more features, more stats, and more fun while also helping to support Sporcle. Thank you for becoming a member.

Show Comments

Extras

Top Quizzes Today


Score Distribution

Your Account Isn't Verified!

In order to create a playlist on Sporcle, you need to verify the email address you used during registration. Go to your Sporcle Settings to finish the process.

Report this User

Report this user for behavior that violates our Community Guidelines.

Details: